=LDR 00000nam 2200000 4500 =001 INLIS000000000001493 =005 20230731093702 =035 ##$$a 0010-0723000070 =007 ta =008 230731################e##########0#eng## =020 ##$$a - =082 ##$$a 612.6 =084 ##$$a 612.6 CAR a =100 #$$a Carolina Population Center =245 1#$$a Approaches to The Human Fertility Problem : $b A Report Prepared for the united nations Dvisory comittee on the application of science and technology to development : 1968 /$c Carolina Pop Center =250 ##$$a - =260 ##$$a University of North Carolina at Chapell Hill :$b Carolina Population Center,$c 1971 =300 ##$$a v - 99 hlm : $b ilust ; $c 22,7cm =500 ##$$a this report is well described in the declaration on population, prwsented to the secretary general of the united nations on human rights day 1966: =600 #4$$a KEWANITAAN ( MASALAH KESUBURAN )